000 00650nam a2200205Ii 4500
003 JO-AjNU
008 230605s9999||||xx |||||||||||||| ||und||
040 _aJO-AjNU
_bara
_erda
_cJO-AjNU
041 _aara
050 1 4 _aDS63.60M36 2000
100 3 _a.,
_eauthor
_952799
245 0 0 _aدراسات في قضايا المستقبل العربي
250 _aط1
264 3 1 _aبغداد: بيت الحكمة، 2000
300 _a244ص
336 _atext
_btxt
_2rdacontent
337 _aunmediated
_bn
_2rdamedia
338 _avolume
_bnc
_2rdacarrier
650 4 _aالبلاد العربية - المستقبل العربي - تاريخ
_952800
999 _aA23410
_c26978
_d26978